Imprevisto - Yago Oproprio - Statistics

Estatísticas Gerais
  • Esse quiz foi jogado 7 vezes
  • A pontuação média é 190 de 269
Estatísticas das Respostas
Resposta % Correto
a
100%
bem
100%
é
100%
e
100%
eu
100%
me
100%
meu
100%
pra
100%
100%
te
100%
vida
100%
você
100%
amar
75%
andando
75%
as
75%
ascendente
75%
assim
75%
aumentou
75%
beijin
75%
caruda
75%
75%
centro
75%
chegar
75%
cidade
75%
compromisso
75%
correria
75%
da
75%
dar
75%
de
75%
dublê
75%
em
75%
engajamento
75%
foto
75%
gesto
75%
interessa
75%
75%
mais
75%
mar
75%
mas
75%
mim
75%
na
75%
nos
75%
o
75%
particular
75%
posso
75%
prefiro
75%
quando
75%
que
75%
quebrada
75%
radin
75%
raso
75%
resolveu
75%
sabe
75%
salve
75%
se
75%
sei
75%
seu
75%
sou
75%
tão
75%
tarde
75%
tava
75%
tenho
75%
ter
75%
testa
75%
75%
todas
75%
um
75%
viatura
75%
vivo
75%
aqueles
50%
atadura
50%
aventurar
50%
buquê
50%
cabelos
50%
chego
50%
cheguei
50%
coisa
50%
conversa
50%
do
50%
dura
50%
enrolado
50%
enrolar
50%
entende
50%
entenderia
50%
esse
50%
falar
50%
fica
50%
fim
50%
foi
50%
independentemente
50%
inimigo
50%
juntaria
50%
junto
50%
madrugada
50%
malandro
50%
manhã
50%
momento
50%
muita
50%
mundão
50%
nesse
50%
ninguém
50%
nóis
50%
nossa
50%
num
50%
nunca
50%
pela
50%
pelo
50%
pensamento
50%
perde
50%
pertinho
50%
porque
50%
postura
50%
pressa
50%
quero
50%
questão
50%
quilometragem
50%
quiser
50%
segura
50%
sem
50%
sempre
50%
sendo
50%
silencio
50%
somo
50%
suado
50%
também
50%
tem
50%
transmissão
50%
trouxe
50%
batimento
25%
enfeitiçar
25%
fico
25%
modo
25%
peito
25%
sentindo
25%
seus
25%
Nenhum quiz correspondente encontrado
Distribuição das Pontuações
Porcentagem de Pessoas com Cada Pontuação
Percentil de Números Respondidos
Sua Pontuação Histórica
Você não jogou esse quiz